Biológia a technológia chovu fretky

Podrobná bibliografia
Hlavní autori: Zelník, Jaroslav (Autor), Rafay, Ján, 1953- (Autor)
Médium: Článok
Jazyk:slovenčina
Fyzický popis:Tb. 2. 0br. 5., lit. 16 zázn. v češ., angl., pol.
Predmet:

MARC

LEADER 00000nab a2200000 a 4500
001 vtls000202103
003 SK-MaSNL
005 20260302204759.0
008 190704c1984 xo 0 slo
015 |a SNBRA19rr/mm-uuuuu 
035 |a CL0212216 
040 |a SNKBUCL  |b slo  |c SNKBUCL  |e AACR2 
041 0 |a slo 
044 |a xo  |c SK 
080 |a 636.93.082  |2 1981 
100 1 |a Zelník, Jaroslav  |4 aut  |9 469997 
245 1 0 |a Biológia a technológia chovu fretky  |c Jaroslav Zelník, Ján Rafay 
300 |b Tb. 2. 0br. 5., lit. 16 zázn. v češ., angl., pol. 
650 0 7 |a fretka  |2 snkbucl  |9 104219 
655 7 |a články zo zborníkov  |2 snkbucl  |9 166140 
700 1 |a Rafay, Ján,  |d 1953-  |4 aut  |9 193044 
773 0 |t Jedenásty seminár chovateľov kožušinových zvierat  |d Žilina : Dom techniky ČSVTS, 1984  |g S. 113-127 
850 |a Slovenská národná knižnica v Martine  |a MTA001 
852 |a SNK  |b KIS3GCP 
958 |a NB 
958 |a RK 
992 |a RZB 
999 |c 1474949  |d 1476879